[Event "POL-ch Universities"]
[Site "Lublin"]
[Date "2024.02.23"]
[Round "3"]
[White "Szpar, Milosz"]
[Black "Leskiewicz, Ignacy"]
[Result "1-0"]
[WhiteElo "2495"]
[BlackElo "2180"]
[PlyCount "56"]
[EventDate "2024.02.23"]
[EventType "swiss"]
[EventRounds "9"]
[EventCountry "POL"]
[SourceTitle "CB10_2024"]
[SourceDate "2024.03.06"]
[SourceVersion "1"]
[SourceVersionDate "2024.03.06"]
[SourceQuality "1"]

1. e4 d6 2. d4 Nf6 3. Bd3 e5 4. c3 Nbd7 5. Nf3 c6 6. 0-0 Be7 7. Re1 0-0 8. Nbd2 Rb8 9. a4 Qc7 10. Nf1 Re8 11. Ng3 Nf8 12. h3 a5 13. c4 Ne6 14. Be3 exd4 15. Nxd4 Bf8 16. Bc2 Nc5 17. Qf3 Nfd7 18. Rad1 g6 19. b3 Bg7 20. Rd2 Ne6 21. Qd1 Nxd4 22. Bxd4 Nf6 23. Qa1 Qe7 24. Rde2 Nh5 25. Nxh5 Bxd4 26. Qxd4 gxh5 27. e5 Qg5 28. h4 dxe5 1-0

[Event "Krakow op-A 34th"]
[Site "Krakow"]
[Date "2023.12.28"]
[Round "2"]
[White "Baum, Jonasz"]
[Black "Leskiewicz, Ignacy"]
[Result "1-0"]
[WhiteElo "2421"]
[BlackElo "2177"]
[PlyCount "81"]
[EventDate "2023.12.27"]
[EventType "swiss"]
[EventRounds "9"]
[EventCountry "POL"]
[SourceTitle "CB02_2024"]
[SourceDate "2024.01.10"]
[SourceVersion "1"]
[SourceVersionDate "2024.01.10"]
[SourceQuality "1"]

1. e4 d6 2. d4 Nf6 3. Nc3 e5 4. Nf3 Nbd7 5. Bc4 Be7 6. 0-0 0-0 7. Re1 c6 8. a4 h6 9. h3 Re8 10. Be3 Bf8 11. dxe5 dxe5 12. Qe2 Qc7 13. Nh4 Nc5 14. Qf3 Be6 15. Bf1 Nh7 16. Qg3 Kh8 17. Nf3 Nf6 18. Nxe5 Bd6 19. Bxc5 Bxe5 20. Qe3 Bh2+ 21. Kh1 Bf4 22. Qf3 Rad8 23. Be3 Be5 24. a5 b5 25. axb6 axb6 26. Ra6 b5 27. Rea1 Rb8 28. Bd3 b4 29. Na4 b3 30. c3 Ra8 31. Nc5 Rxa6 32. Rxa6 Rd8 33. Nxe6 fxe6 34. Bb6 Rxd3 35. Qxd3 Qb7 36. Qd8+ Kh7 37. Ra7 Qb8 38. Qxb8 Bxb8 39. Rb7 Be5 40. f3 Nh5 41. Bf2 1-0

[Event "POL-chT 1st League"]
[Site "Leba"]
[Date "2023.10.01"]
[Round "9.6"]
[White "Leskiewicz, Ignacy"]
[Black "Sygulski, Piotr"]
[Result "1/2-1/2"]
[WhiteElo "2160"]
[BlackElo "1978"]
[PlyCount "50"]
[EventDate "2023.09.23"]
[EventType "team-swiss"]
[EventRounds "9"]
[EventCountry "POL"]
[SourceTitle "EXT 2024"]
[Source "ChessBase"]
[SourceDate "2023.10.10"]
[SourceVersion "1"]
[SourceVersionDate "2023.10.10"]
[SourceQuality "1"]
[WhiteTeam "Konin UKS Smecz"]
[BlackTeam "Debica Gryf"]
[WhiteTeamCountry "POL"]
[BlackTeamCountry "POL"]

1. e4 c5 2. Nf3 e6 3. d4 cxd4 4. Nxd4 Nc6 5. Nc3 Qc7 6. g3 Nf6 7. Ndb5 Qb8 8. Bg2 a6 9. Nd4 b5 10. 0-0 Bb7 11. Re1 h5 12. h3 Bc5 13. Be3 Nxd4 14. Bxd4 Bxd4 15. Qxd4 e5 16. Qb4 h4 17. g4 Bc6 18. Rad1 g5 19. a4 bxa4 20. Qc5 Rh6 21. f4 Nh7 22. fxe5 Qa7 23. Qxa7 Rxa7 24. Rd6 Re6 25. Rxe6+ fxe6 1/2-1/2

[Event "POL-chT 1st League"]
[Site "Leba"]
[Date "2023.09.29"]
[Round "7.6"]
[White "Madej, Marek"]
[Black "Leskiewicz, Ignacy"]
[Result "1/2-1/2"]
[WhiteElo "2094"]
[BlackElo "2160"]
[PlyCount "93"]
[EventDate "2023.09.23"]
[EventType "team-swiss"]
[EventRounds "9"]
[EventCountry "POL"]
[SourceTitle "EXT 2024"]
[Source "ChessBase"]
[SourceDate "2023.10.10"]
[SourceVersion "1"]
[SourceVersionDate "2023.10.10"]
[SourceQuality "1"]
[WhiteTeam "Wroclaw Polonia"]
[BlackTeam "Konin UKS Smecz"]
[WhiteTeamCountry "POL"]
[BlackTeamCountry "POL"]

1. e4 c5 2. Nc3 Nc6 3. Nge2 e6 4. d4 cxd4 5. Nxd4 Qc7 6. Be3 a6 7. f4 d6 8. Qf3 Nf6 9. 0-0-0 Nxd4 10. Rxd4 b5 11. a3 Bb7 12. f5 e5 13. Rd2 Rc8 14. g4 Qa5 15. Nd5 Nxd5 16. exd5 b4 17. Bg5 f6 18. Bh4 Be7 19. Qb3 bxa3 20. Qxa3 Rc5 21. c4 h5 22. Bf2 Qxa3 23. bxa3 Rc7 24. Rg1 hxg4 25. c5 Rxh2 26. c6 Bxc6 27. dxc6 Rxc6+ 28. Kd1 d5 29. Rxg4 Bxa3 30. Bg2 Rc1+ 31. Ke2 d4 32. Rxg7 Bf8 33. Rg6 a5 34. Be4 Bb4 35. Rc2 Rxc2+ 36. Bxc2 d3+ 37. Bxd3 Bc5 38. Rxf6 Bxf2 39. Bb5+ Kd8 40. Re6 Bd4+ 41. Kd3 Rf2 42. f6 Bb2 43. Be8 e4+ 44. Ke3 Rxf6 45. Rxf6 Bxf6 46. Ba4 Bd4+ 47. Kxe4 1/2-1/2

[Event "POL-chT 1st League"]
[Site "Leba"]
[Date "2023.09.23"]
[Round "1.3"]
[White "Leskiewicz, Ignacy"]
[Black "Bartel, Michal"]
[Result "1-0"]
[WhiteElo "2160"]
[BlackElo "2252"]
[PlyCount "61"]
[EventDate "2023.09.23"]
[EventType "team-swiss"]
[EventRounds "9"]
[EventCountry "POL"]
[SourceTitle "EXT 2024"]
[Source "ChessBase"]
[SourceDate "2023.10.10"]
[SourceVersion "1"]
[SourceVersionDate "2023.10.10"]
[SourceQuality "1"]
[WhiteTeam "Konin UKS Smecz"]
[BlackTeam "Wrzos Miedzyborow"]
[WhiteTeamCountry "POL"]
[BlackTeamCountry "POL"]

1. e4 e5 2. Nf3 Nc6 3. Bb5 a6 4. Ba4 Nf6 5. 0-0 Be7 6. Re1 b5 7. Bb3 d6 8. c3 0-0 9. h3 Bb7 10. d4 Re8 11. a4 Bf8 12. d5 Nb8 13. axb5 axb5 14. Rxa8 Bxa8 15. Na3 c6 16. Bg5 Nbd7 17. dxc6 Bxc6 18. Nc2 Qa8 19. Bxf6 Nxf6 20. Ng5 d5 21. Ne3 Nxe4 22. Nxf7 Nc5 23. Bxd5 Bxd5 24. Nxd5 Kxf7 25. Nc7 Qc6 26. Nxe8 Qxe8 27. b4 Na4 28. Re3 Kg8 29. Qd5+ Kh8 30. Rxe5 Qc8 31. Qf7 1-0

[Event "Ustron op-B"]
[Site "Ustron"]
[Date "2023.08.12"]
[Round "2"]
[White "Leskiewicz, Ignacy"]
[Black "Zaninotto, Franco"]
[Result "1-0"]
[WhiteElo "2139"]
[BlackElo "1966"]
[PlyCount "95"]
[EventDate "2023.08.11"]
[EventType "swiss"]
[EventRounds "9"]
[EventCountry "POL"]
[SourceTitle "CBM 215 Extra"]
[Source "ChessBase"]
[SourceDate "2023.09.30"]
[SourceVersion "1"]
[SourceVersionDate "2023.09.30"]
[SourceQuality "1"]

1. e4 e6 2. Nf3 d5 3. d3 dxe4 4. dxe4 Qxd1+ 5. Kxd1 Bc5 6. Ke1 Nf6 7. Bd3 Nc6 8. a3 Bb6 9. Nbd2 Nd7 10. b4 a5 11. b5 Nd4 12. Bb2 Nxf3+ 13. gxf3 f6 14. Rg1 Kf7 15. a4 Bc5 16. Ke2 Bd6 17. h4 Ne5 18. h5 Bd7 19. Nc4 Nxc4 20. Bxc4 g6 21. Rad1 Rad8 22. Bc3 b6 23. Bd4 Bc8 24. Be3 Bb7 25. Rd4 g5 26. h6 Be5 27. Rxd8 Rxd8 28. f4 Bc3 29. e5 Be4 30. exf6 gxf4 31. Rg7+ Kxf6 32. Bxf4 Kf5 33. Rf7+ Bf6 34. Bxc7 Rc8 35. Bd3 Bxd3+ 36. Kxd3 Kg6 37. Rd7 Kxh6 38. Bxb6 Rc3+ 39. Kd2 Rc4 40. Bxa5 Rxa4 41. Bd8 Be5 42. b6 Kg6 43. Bc7 Kf5 44. Rf7+ Ke4 45. f3+ Kd5 46. Rd7+ Kc6 47. Bxe5 Kxd7 48. b7 1-0

[Event "POL-chT 1st League"]
[Site "Sypniewo"]
[Date "2022.09.09"]
[Round "7.8"]
[White "Chmielarz, Maciej"]
[Black "Leskiewicz, Ignacy"]
[Result "1/2-1/2"]
[WhiteElo "1946"]
[BlackElo "2126"]
[PlyCount "75"]
[EventDate "2022.09.03"]
[EventType "team-swiss"]
[EventRounds "9"]
[EventCountry "POL"]
[SourceTitle "CBM 210 Extra"]
[Source "ChessBase"]
[SourceDate "2022.11.30"]
[SourceVersion "1"]
[SourceVersionDate "2022.11.30"]
[SourceQuality "1"]
[WhiteTeam "Ostrow Wielkopolski"]
[BlackTeam "Konin UKS Smecz"]
[WhiteTeamCountry "POL"]
[BlackTeamCountry "POL"]

1. d4 Nf6 2. c4 e6 3. Nc3 Bb4 4. a3 Bxc3+ 5. bxc3 c5 6. f3 b6 7. e4 d6 8. Bd3 Nc6 9. Ne2 Qc7 10. f4 e5 11. fxe5 dxe5 12. d5 Na5 13. Ng3 h5 14. Bg5 Bg4 15. Be2 h4 16. Bxf6 gxf6 17. Bxg4 hxg3 18. h3 Ke7 19. Qe2 Nb7 20. 0-0 Nd6 21. a4 Rag8 22. Rf3 Qb7 23. a5 Qa6 24. Qf1 bxa5 25. Rxf6 Rxg4 26. hxg4 Qc8 27. g5 Qg4 28. Re6+ Kf8 29. Rh6 Rxh6 30. gxh6 Qh4 31. Qc1 Nxe4 32. Rb1 Qh2+ 33. Kf1 Qh1+ 34. Ke2 Qxg2+ 35. Kd3 Qf3+ 36. Qe3 Nf2+ 37. Kd2 Ne4+ 38. Kd3 1/2-1/2

[Event "Suwalki Warakomska Memorial 6th"]
[Site "Suwalki"]
[Date "2022.08.09"]
[Round "8"]
[White "Leskiewicz, Ignacy"]
[Black "Rog, Bartlomiej"]
[Result "1/2-1/2"]
[WhiteElo "2118"]
[BlackElo "2135"]
[PlyCount "80"]
[EventDate "2022.08.03"]
[EventType "swiss"]
[EventRounds "9"]
[EventCountry "POL"]
[SourceTitle "CBM 209 Extra"]
[Source "ChessBase"]
[SourceDate "2022.09.30"]
[SourceVersion "1"]
[SourceVersionDate "2022.09.30"]
[SourceQuality "1"]

1. e4 c5 2. Nf3 d6 3. c3 Nf6 4. Bd3 Bg4 5. Bc2 Nc6 6. h3 Bxf3 7. Qxf3 g6 8. d3 Bg7 9. Be3 0-0 10. Nd2 Rc8 11. Qe2 b5 12. a3 b4 13. axb4 cxb4 14. 0-0 bxc3 15. bxc3 d5 16. Bc5 dxe4 17. d4 Nd7 18. Nxe4 Nxc5 19. Nxc5 e5 20. d5 Ne7 21. Ne4 Nxd5 22. Rfd1 Nf4 23. Qe3 Qb6 24. Qxb6 axb6 25. Kf1 f5 26. Bb3+ Kh8 27. Ng5 h6 28. Nf7+ Kh7 29. g3 Rxc3 30. gxf4 Rxb3 31. Nxe5 Bxe5 32. fxe5 Kg7 33. Ke2 Rf7 34. f4 Rxh3 35. Rd6 Rb3 36. Rg1 g5 37. fxg5 hxg5 38. Rxg5+ Kf8 39. Rgg6 f4 40. Rxb6 Rxb6 1/2-1/2

[Event "Suwalki Warakomska Memorial 6th"]
[Site "Suwalki"]
[Date "2022.08.07"]
[Round "6"]
[White "Leskiewicz, Ignacy"]
[Black "Pietruszewski, Marcin"]
[Result "0-1"]
[WhiteElo "2118"]
[BlackElo "2233"]
[PlyCount "56"]
[EventDate "2022.08.03"]
[EventType "swiss"]
[EventRounds "9"]
[EventCountry "POL"]
[SourceTitle "CBM 209 Extra"]
[Source "ChessBase"]
[SourceDate "2022.09.30"]
[SourceVersion "1"]
[SourceVersionDate "2022.09.30"]
[SourceQuality "1"]

1. e4 c6 2. d4 d5 3. f3 Qb6 4. Nc3 e6 5. a3 Nf6 6. Be3 dxe4 7. fxe4 e5 8. Nf3 Nbd7 9. Bc4 Be7 10. 0-0 exd4 11. Nxd4 0-0 12. Kh1 Ne5 13. Nf5 Qc7 14. Bb3 Bxf5 15. Rxf5 Nfg4 16. Bg1 g6 17. Rf4 h5 18. Qe2 Rad8 19. Rd1 Rxd1 20. Nxd1 Rd8 21. h3 Bg5 22. g3 Nf6 23. Kg2 h4 24. Ne3 Nh5 25. Rf5 Nxg3 26. Bh2 Nxe2 27. Bxe5 Qe7 28. Rxf7 Qxf7 0-1

[Event "Suwalki Warakomska Memorial 6th"]
[Site "Suwalki"]
[Date "2022.08.05"]
[Round "4"]
[White "Leskiewicz, Ignacy"]
[Black "Czernek, Tymon"]
[Result "0-1"]
[WhiteElo "2118"]
[BlackElo "2268"]
[PlyCount "58"]
[EventDate "2022.08.03"]
[EventType "swiss"]
[EventRounds "9"]
[EventCountry "POL"]
[SourceTitle "CBM 209 Extra"]
[Source "ChessBase"]
[SourceDate "2022.09.30"]
[SourceVersion "1"]
[SourceVersionDate "2022.09.30"]
[SourceQuality "1"]

1. e4 c5 2. Nf3 d6 3. d4 cxd4 4. Nxd4 Nf6 5. Nc3 a6 6. Bc4 e6 7. Bb3 Nbd7 8. f4 Nc5 9. Qf3 Be7 10. 0-0 0-0 11. Be3 Qc7 12. g4 b5 13. g5 Nfxe4 14. Nxe4 Bb7 15. Nxe6 Nxe6 16. Rad1 Rad8 17. Bd5 Bxd5 18. Rxd5 f5 19. Ng3 Qxc2 20. Rc1 Qxb2 21. Nxf5 Rde8 22. Re1 Qxa2 23. Bf2 Bd8 24. Nh6+ gxh6 25. gxh6 Ng5 26. Rxg5+ Bxg5 27. Rxe8 Rxe8 28. fxg5 Qb1+ 29. Kg2 Qe4 0-1

[Event "Zagnansk op"]
[Site "Zagnansk"]
[Date "2022.05.04"]
[Round "6"]
[White "Kaczanowski, Pawel"]
[Black "Leskiewicz, Ignacy"]
[Result "0-1"]
[WhiteElo "1616"]
[BlackElo "2148"]
[PlyCount "132"]
[EventDate "2022.04.29"]
[EventType "swiss"]
[EventRounds "9"]
[EventCountry "POL"]
[SourceTitle "CBM 208 Extra"]
[Source "ChessBase"]
[SourceDate "2022.07.31"]
[SourceVersion "1"]
[SourceVersionDate "2022.07.31"]
[SourceQuality "1"]

1. e4 d6 2. d4 Nf6 3. Nc3 g6 4. f4 Bg7 5. Nf3 0-0 6. e5 dxe5 7. dxe5 Qxd1+ 8. Kxd1 Rd8+ 9. Bd3 Ne8 10. Ke2 c6 11. Be3 Nc7 12. Bc5 Bf8 13. Ne4 Nd5 14. g3 b6 15. Ba3 c5 16. Rhd1 Nc6 17. Bc4 Be6 18. Bb3 h6 19. Ba4 Na5 20. b3 a6 21. c4 Nc7 22. Nc3 Bg4 23. Ke3 Ne6 24. Rxd8 Rxd8 25. Ne2 Bxf3 26. Kxf3 Nxc4 27. bxc4 Rd3+ 28. Ke4 Rxa3 29. Bd7 Ng7 30. Nc1 e6 31. Nb3 a5 32. Bb5 Nf5 33. g4 a4 34. Bxa4 Rxa4 35. gxf5 Rxc4+ 36. Ke3 exf5 37. Nd2 Rc3+ 38. Ke2 g5 39. Rb1 Rh3 40. Nf1 Ra3 41. Rxb6 Rxa2+ 42. Kf3 Ra4 43. Ng3 Rxf4+ 44. Ke3 h5 45. e6 h4 46. exf7+ Kxf7 47. Ne2 Re4+ 48. Kd3 c4+ 49. Kd2 g4 50. Nc3 Re6 51. Rb5 Kg6 52. Nd5 Bh6+ 53. Kc3 g3 54. hxg3 hxg3 55. Kxc4 g2 56. Rb1 Bc1 57. Rxc1 Rc6+ 58. Kd3 Rxc1 59. Nf4+ Kg5 60. Nxg2 f4 61. Ke2 Kg4 62. Kf2 Rc2+ 63. Kf1 Kg3 64. Ne1 Rc1 65. Ke2 Rxe1+ 66. Kxe1 Kg2 0-1

[Event "Zagnansk op"]
[Site "Zagnansk"]
[Date "2022.05.02"]
[Round "4"]
[White "Kasperek, Ryszard"]
[Black "Leskiewicz, Ignacy"]
[Result "0-1"]
[WhiteElo "2068"]
[BlackElo "2148"]
[PlyCount "62"]
[EventDate "2022.04.29"]
[EventType "swiss"]
[EventRounds "9"]
[EventCountry "POL"]
[SourceTitle "CBM 208 Extra"]
[Source "ChessBase"]
[SourceDate "2022.07.31"]
[SourceVersion "1"]
[SourceVersionDate "2022.07.31"]
[SourceQuality "1"]

1. e4 b6 2. d4 Bb7 3. Bd3 e6 4. Nc3 Bb4 5. Nge2 d5 6. 0-0 dxe4 7. Nxe4 Nf6 8. N2g3 Nbd7 9. Qf3 Nxe4 10. Bxe4 Bxe4 11. Qxe4 Be7 12. Bf4 0-0 13. Qc6 Nf6 14. Rad1 Qd7 15. d5 Qxc6 16. dxc6 Nd5 17. Be5 Bf6 18. Bxf6 Nxf6 19. Rd3 Rfd8 20. Rfd1 Rxd3 21. Rxd3 Kf8 22. f3 Ke7 23. Ne4 Rd8 24. Nxf6 gxf6 25. Kf2 Rxd3 26. cxd3 Kd6 27. Kg3 Kd5 28. Kh4 Kd4 29. Kh5 Kxd3 30. Kh6 e5 31. Kxh7 f5 0-1

[Event "Zagnansk op"]
[Site "Zagnansk"]
[Date "2022.05.01"]
[Round "2"]
[White "Kaczmarska, Joanna"]
[Black "Leskiewicz, Ignacy"]
[Result "0-1"]
[WhiteElo "1949"]
[BlackElo "2148"]
[PlyCount "123"]
[EventDate "2022.04.29"]
[EventType "swiss"]
[EventRounds "9"]
[EventCountry "POL"]
[SourceTitle "CBM 208 Extra"]
[Source "ChessBase"]
[SourceDate "2022.07.31"]
[SourceVersion "1"]
[SourceVersionDate "2022.07.31"]
[SourceQuality "1"]

1. d4 Nf6 2. c4 g6 3. Nc3 Bg7 4. e4 d6 5. f4 0-0 6. Nf3 c5 7. Be3 cxd4 8. Nxd4 Ng4 9. Bg1 Nc6 10. h3 e5 11. Nf3 Nf6 12. fxe5 Nh5 13. Qxd6 Ng3 14. Qxd8 Rxd8 15. Rh2 Nxe5 16. Nd5 Be6 17. Bf2 Nxe4 18. Bh4 Bxd5 19. Bxd8 Nxc4 20. Bxc4 Bxc4 21. 0-0-0 Bh6+ 22. Kb1 Nf2 23. Rd4 Bd3+ 24. Rxd3 Nxd3 25. Bg5 Bg7 26. g4 h6 27. Bh4 Rc8 28. Rc2 Rxc2 29. Kxc2 Nxb2 30. Bf2 a6 31. Bd4 Nc4 32. Bxg7 Kxg7 33. Kd3 Nd6 34. Kd4 Kf6 35. Kd5 Ke7 36. Ne5 Nc8 37. Nc4 Kd7 38. Ke5 Ke7 39. Na5 Nd6 40. h4 h5 41. gxh5 gxh5 42. Nb3 f6+ 43. Kf4 Ke6 44. Nc5+ Ke7 45. Na4 b5 46. Nc5 a5 47. Ke3 Nf5+ 48. Kf4 Nxh4 49. Nb3 Ng6+ 50. Kg3 Kd6 51. Nxa5 Kd5 52. Nb7 f5 53. Nd8 Ke4 54. Nf7 Ke3 55. Nd6 f4+ 56. Kg2 Ke2 57. Nxb5 f3+ 58. Kg3 h4+ 59. Kh2 f2 60. Nd4+ Kd3 61. Kg2 Kxd4 62. Kxf2 0-1

[Event "POL-ch U20"]
[Site "Pokrzywna"]
[Date "2021.12.13"]
[Round "9"]
[White "Leskiewicz, Ignacy"]
[Black "Budzisz, Adrian"]
[Result "1-0"]
[WhiteElo "2177"]
[BlackElo "1985"]
[PlyCount "71"]
[EventDate "2021.12.06"]
[EventType "swiss"]
[EventRounds "9"]
[EventCountry "POL"]
[SourceTitle "CBM 205 Extra"]
[Source "ChessBase"]
[SourceDate "2022.01.31"]
[SourceVersion "1"]
[SourceVersionDate "2022.01.31"]
[SourceQuality "1"]

1. e4 e6 2. d4 d5 3. Nd2 c5 4. exd5 exd5 5. Ngf3 Nf6 6. Bb5+ Bd7 7. Qe2+ Be7 8. 0-0 0-0 9. dxc5 Bxc5 10. Nb3 Re8 11. Qd3 Bb6 12. Bg5 Nc6 13. c3 a6 14. Bxc6 bxc6 15. Rfe1 h6 16. Bh4 Re4 17. Rxe4 dxe4 18. Bxf6 exd3 19. Bxd8 Rxd8 20. Ne5 Be8 21. Rd1 f6 22. Nxd3 c5 23. c4 Bf7 24. Rd2 Bxc4 25. Ndxc5 Rc8 26. Nd3 a5 27. Nbc1 a4 28. Rc2 Kf7 29. b3 axb3 30. axb3 Be6 31. Rxc8 Bxc8 32. Nb2 Ba6 33. Nc4 Bd4 34. Kf1 Ke6 35. Nd3 Kd5 36. Nb4+ 1-0

[Event "POL-chT 1st League"]
[Site "Szklarska Poreba"]
[Date "2021.09.12"]
[Round "9.9"]
[White "Golda, Sebastian"]
[Black "Leskiewicz, Ignacy"]
[Result "1/2-1/2"]
[WhiteElo "2053"]
[BlackElo "2169"]
[PlyCount "115"]
[EventDate "2021.09.04"]
[EventType "team-swiss"]
[EventRounds "9"]
[EventCountry "POL"]
[SourceTitle "CBM 204 Extra"]
[Source "ChessBase"]
[SourceDate "2021.11.30"]
[SourceVersion "1"]
[SourceVersionDate "2021.11.30"]
[SourceQuality "1"]
[WhiteTeam "Krakow KKSz"]
[BlackTeam "Konin UKS Smecz"]
[WhiteTeamCountry "POL"]
[BlackTeamCountry "POL"]

1. e4 c5 2. Nf3 e6 3. d4 cxd4 4. Nxd4 Nc6 5. Nc3 Qc7 6. Be3 a6 7. Qd2 Nf6 8. 0-0-0 Bb4 9. f3 Nxd4 10. Qxd4 Bxc3 11. bxc3 b5 12. g4 0-0 13. h4 d5 14. h5 e5 15. Qc5 Qxc5 16. Bxc5 Rd8 17. Be7 Rd7 18. Bxf6 gxf6 19. Rxd5 Rxd5 20. exd5 Bb7 21. c4 Rc8 22. cxb5 axb5 23. Bxb5 Bxd5 24. Kb2 Bxf3 25. Rg1 Kg7 26. a4 Kh6 27. a5 Kg5 28. a6 Kf4 29. c4 e4 30. Kc3 e3 31. Kb4 e2 32. c5 Ke3 33. Ra1 Kf2 34. Ra2 Bxg4 35. c6 Bf3 36. Kc5 f5 37. a7 Ra8 38. Kb6 f4 39. Kb7 Bxc6+ 40. Bxc6 Rxa7+ 41. Kxa7 f3 42. Kb7 Kg3 43. Ra3 e1Q 44. Rxf3+ Kg4 45. Rxf7 Qb1+ 46. Kc7 Kxh5 47. Rd7 Kg5 48. Rd5+ Kf4 49. Rd4+ Ke3 50. Rh4 Qf5 51. Rh1 h5 52. Re1+ Kf2 53. Rh1 Qf4+ 54. Kb7 h4 55. Kc8 Qf8+ 56. Kc7 Qe7+ 57. Kc8 Qd6 58. Bd7 1/2-1/2

[Event "Ustron op-B"]
[Site "Ustron"]
[Date "2021.08.20"]
[Round "9"]
[White "Leskiewicz, Ignacy"]
[Black "Dzida, Kamil"]
[Result "1-0"]
[WhiteElo "2138"]
[BlackElo "2189"]
[PlyCount "73"]
[EventDate "2021.08.13"]
[EventType "swiss"]
[EventRounds "9"]
[EventCountry "POL"]
[SourceTitle "CBM 204 Extra"]
[Source "ChessBase"]
[SourceDate "2021.11.30"]
[SourceVersion "1"]
[SourceVersionDate "2021.11.30"]
[SourceQuality "1"]

1. e4 c5 2. Nf3 d6 3. d4 cxd4 4. Nxd4 Nf6 5. Nc3 a6 6. Bc4 e6 7. Bb3 Nbd7 8. 0-0 Nc5 9. f4 Qc7 10. Qe2 Be7 11. g4 b5 12. g5 Nfd7 13. Nf5 exf5 14. Nd5 Qa7 15. exf5 Nxb3+ 16. Be3 Ndc5 17. axb3 Bxf5 18. Rxa6 Qxa6 19. Nc7+ Kf8 20. Nxa6 Nxa6 21. Qxb5 Nc5 22. b4 Bd7 23. Qc4 Ne6 24. Qd5 Rc8 25. f5 Nxg5 26. Bxg5 Bxg5 27. Qxd6+ Ke8 28. Re1+ Kd8 29. Rd1 Rc7 30. b5 Be7 31. Qa6 Bc5+ 32. Kg2 Re8 33. b6 Rc6 34. b7 Kc7 35. Qa5+ Bb6 36. Rxd7+ Kxd7 37. Qd5+ 1-0

[Event "Warsaw Najdorf Memorial op-A"]
[Site "Warsaw"]
[Date "2021.07.11"]
[Round "2"]
[White "Leskiewicz, Ignacy"]
[Black "Romanishin, Oleg M"]
[Result "0-1"]
[WhiteElo "2135"]
[BlackElo "2404"]
[PlyCount "120"]
[EventDate "2021.07.10"]
[EventType "swiss"]
[EventRounds "9"]
[EventCountry "POL"]
[SourceTitle "CBM 203 Extra"]
[Source "ChessBase"]
[SourceDate "2021.09.30"]
[SourceVersion "1"]
[SourceVersionDate "2021.09.30"]
[SourceQuality "1"]

1. e4 e5 2. Nf3 Nc6 3. Bb5 a6 4. Ba4 Nf6 5. 0-0 Be7 6. Re1 b5 7. Bb3 d6 8. c3 0-0 9. h3 a5 10. d4 a4 11. Bc2 Bd7 12. Nbd2 Re8 13. Nf1 h6 14. Ng3 Bf8 15. Nh2 Na5 16. f4 Nc4 17. Rb1 c5 18. fxe5 dxe5 19. b3 axb3 20. axb3 Na3 21. Bxa3 Rxa3 22. dxe5 Nh7 23. Rf1 Be6 24. Ng4 c4 25. bxc4 Rxc3 26. Ne2 Qxd1 27. Bxd1 Rxc4 28. Nf4 Bxg4 29. hxg4 Rxe5 30. Bb3 Rc7 31. Bd5 b4 32. Nd3 Re8 33. Rbc1 Ra7 34. Ra1 Rae7 35. Nxb4 Nf6 36. Rxf6 gxf6 37. Nd3 Rc7 38. Ra6 Rc3 39. Nf4 Bc5+ 40. Kh2 Bd4 41. Nh5 Be5+ 42. g3 Rb8 43. Nxf6+ Bxf6 44. Rxf6 Rb2+ 45. Kh3 Rcc2 46. g5 Rh2+ 47. Kg4 h5+ 48. Kf5 Rhf2+ 49. Ke5 Rxf6 50. gxf6 Rf2 51. Bc4 Rf3 52. g4 h4 53. g5 Kf8 54. Kd6 h3 55. e5 h2 56. g6 h1Q 57. Bxf7 Rd3+ 58. Kc5 Qg1+ 59. Kc6 Qc1+ 60. Kb6 Qb2+ 0-1

[Event "POL-chT 2nd League"]
[Site "Poronin"]
[Date "2020.09.10"]
[Round "6.6"]
[White "Kowalski, Maciej"]
[Black "Leskiewicz, Ignacy"]
[Result "0-1"]
[WhiteElo "2078"]
[BlackElo "2157"]
[PlyCount "92"]
[EventDate "2020.09.05"]
[EventType "team-swiss"]
[EventRounds "9"]
[EventCountry "POL"]
[SourceTitle "CBM 198 Extra"]
[Source "ChessBase"]
[SourceDate "2020.11.30"]
[SourceVersion "1"]
[SourceVersionDate "2020.11.30"]
[SourceQuality "1"]
[WhiteTeam "Grzybowo GKSz Solny"]
[BlackTeam "Konin UKS Smecz"]
[WhiteTeamCountry "POL"]
[BlackTeamCountry "POL"]

1. d4 Nf6 2. Nf3 g6 3. c4 Bg7 4. Nc3 d6 5. g3 0-0 6. Bg2 Nc6 7. 0-0 e5 8. d5 Ne7 9. c5 Ne8 10. cxd6 Nxd6 11. Qc2 h6 12. Rd1 f5 13. Be3 g5 14. Bc5 Bd7 15. Qb3 Nec8 16. Rac1 h5 17. h4 gxh4 18. Nxh4 b6 19. Ba3 Bh6 20. e3 Rf7 21. Qc2 Qf6 22. Qe2 Rg7 23. b3 Ne7 24. Bb2 Ng6 25. Nxg6 Qxg6 26. Nb1 Bb5 27. Qe1 Re8 28. Nd2 h4 29. Nf3 hxg3 30. fxg3 Qf6 31. a4 Ba6 32. Rc2 Bb7 33. Nh2 Qg5 34. Nf1 Rf7 35. Rf2 Ba6 36. Bc1 Qg6 37. e4 f4 38. gxf4 exf4 39. e5 Rg7 40. Nh2 Qh5 41. e6 Bb7 42. Kh1 Nf5 43. Rf3 Ng3+ 44. Kg1 Bxd5 45. Rxd5 Qxd5 46. Rxg3 Rxg3 0-1

[Event "POL-chT 2nd League"]
[Site "Poronin"]
[Date "2020.09.09"]
[Round "5.4"]
[White "Leskiewicz, Ignacy"]
[Black "Kulesza, Andrzej"]
[Result "0-1"]
[WhiteElo "2157"]
[BlackElo "1907"]
[PlyCount "126"]
[EventDate "2020.09.05"]
[EventType "team-swiss"]
[EventRounds "9"]
[EventCountry "POL"]
[SourceTitle "CBM 198 Extra"]
[Source "ChessBase"]
[SourceDate "2020.11.30"]
[SourceVersion "1"]
[SourceVersionDate "2020.11.30"]
[SourceQuality "1"]
[WhiteTeam "Konin UKS Smecz"]
[BlackTeam "Krakow Dwie Wieze"]
[WhiteTeamCountry "POL"]
[BlackTeamCountry "POL"]

1. e4 c5 2. Nf3 d6 3. d4 cxd4 4. Nxd4 Nf6 5. Nc3 a6 6. f3 e5 7. Nb3 Be6 8. Be3 Be7 9. Be2 0-0 10. 0-0 d5 11. exd5 Nxd5 12. Nxd5 Bxd5 13. Qe1 Qc7 14. c3 Nd7 15. Rd1 Be6 16. Qg3 Nf6 17. Bd3 Rad8 18. Bc2 Rxd1 19. Rxd1 Rd8 20. Bd4 Nd7 21. Re1 Bf6 22. Be3 Nf8 23. h4 Be7 24. h5 Rd7 25. Bh6 Bf6 26. Nd2 Bd5 27. Be3 Qd8 28. Bf2 Bg5 29. Nf1 Bf4 30. Qg4 Be6 31. Bf5 Rd1 32. h6 g6 33. Bxe6 Nxe6 34. Rxd1 Qxd1 35. Qh4 Qd8 36. Qxd8+ Nxd8 37. Be3 f5 38. a4 Kf7 39. Kf2 Ke6 40. Ke2 Nf7 41. Bxf4 exf4 42. Kd3 Nxh6 43. Kd4 Nf7 44. Kc5 Nd6 45. b3 Nc8 46. b4 h5 47. Nd2 g5 48. Nb3 h4 49. Kd4 g4 50. Nc5+ Kd6 51. Nd3 h3 52. gxh3 gxh3 53. c4 h2 54. Nf2 Na7 55. b5 axb5 56. cxb5 b6 57. Kc4 Nc8 58. Nh1 Ke5 59. Nf2 Nd6+ 60. Kc3 Kd5 61. Nh1 Nb7 62. Nf2 Nc5 63. Kb4 Nd3+ 0-1